| 000 | 00748nam a2200253 a 4500 | ||
|---|---|---|---|
| 005 | 20210219153014.0 | ||
| 008 | 991125n 000 0 eng u | ||
| 035 | _aUPN01000072654 | ||
| 100 | 1 | _aStein, Stephanie | |
| 222 | _aPSYCHOLOGY IN THE SCHOOLS | ||
| 245 | _aDifferential perceptions of multidisciplinary team members : seriously emotionally disturbed vs. socially maladjusted | ||
| 300 | _a320-331 | ||
| 362 | 0 | _a1992 Vol. 29, no. 4 | |
| 653 | 0 | _aADAPTACION SOCIAL | |
| 653 | 0 | _aESTUDIANTES | |
| 653 | 0 | _aDIRECTORES | |
| 653 | 0 | _aEDUCACION ESPECIAL | |
| 653 | 0 | _aPSICOLOGO EDUCATIVO | |
| 653 | 0 | _aTRASTORNOS EMOCIONALES | |
| 700 | 1 | _aMerrell, Kenneth W., | |
| 700 | 1 | _ecoaut. | |
| 904 |
_aAC _b010465 |
||
| 905 | _aArticulo | ||
| 999 |
_c66039 _d66039 |
||